000 00492nam a2200181Ia 4500
005 20250508151459.0
008 008 250505s9999 xx 000 0 hin d
037 _aTextual
040 _aFEDL
_beng
_cFEDL
041 _ahin
_2hin
084 _a884.813, HAN
_qFEDL
100 _aHanumachchhastr
_9759239
245 0 _aTelgu aur uska sahitya
260 _aDelhi, India
_bRajkamal Prakashan
300 _a126p.
942 _cTEXL
_h884.813, HAN
999 _c1330082
_d1330082